| 000 | 00639nam a2200241 a 4500 | ||
|---|---|---|---|
| 999 |
_c6116 _d6116 |
||
| 001 | 6116 | ||
| 003 | BD-JhCC | ||
| 005 | 20180102170232.0 | ||
| 008 | 180102s1993 n |||| || | 001 0 eng d | ||
| 020 | _a0070680299 | ||
| 035 | _a(BD-JhCC)6116 | ||
| 040 |
_aBD-JhCC _dBD-JhCC |
||
| 041 | _aeng | ||
| 082 |
_a338.8 _bWAL 1993 |
||
| 100 | _aWalters, Stephen J. K. | ||
| 245 |
_aEnterprise, Government, and the Public / _cStephen J. K. Walters, |
||
| 260 |
_aNew York : _bMcGraw-Hill, Inc. _c1993. |
||
| 300 |
_a591 p. : _c26 cm. |
||
| 650 |
_aMonopolies _vGovernment Policy |
||
| 650 | _aPricing | ||
| 942 |
_2ddc _cBK |
||